| 000 | 00995nam a2200289 a 4500 | ||
|---|---|---|---|
| 001 | 000010927 | ||
| 003 | DO-SdBNP | ||
| 005 | 20240412074221.0 | ||
| 008 | 091013s2000 dr 001 0 spa d | ||
| 040 |
_aDO-SdBNP _bspa _cBNPHU |
||
| 082 | 4 |
_aRD861.44 _bP349p _222 |
|
| 100 | 1 |
_aPeña, Enegildo _d1965- _925677 |
|
| 245 | 1 | 0 |
_aObras / _cEnegildo Peña |
| 260 |
_aSanto Domingo, : _bConsejo Presidencial de Cultura, _c2000. |
||
| 300 |
_a231 p. ; _c29 cm. |
||
| 490 | 0 | _aFin de siglo | |
| 490 | 0 | _aSistema Nacional de Talleres Literarios ; 17 | |
| 500 | _aIncluye datos biográficos del autor en anteportada | ||
| 500 | _aIncluye notas al pie de las páginas | ||
| 505 | 2 | _aSelencio de sombra -- Más allá de mi sombra -- En la palabra | |
| 590 | _aLa biblioteca posee 1 ejemplar autografiado | ||
| 590 | _aInventariado, 2023/MFF | ||
| 650 | 4 |
_aPoesía dominicana _925462 |
|
| 650 | 0 |
_aLiteratura dominicana. _967 |
|
| 910 | _aValidado. Control de calidad MFF | ||
| 942 |
_2ddc _cLBS1 |
||
| 999 |
_c10665 _d10665 |
||